[Event "Ch NRW (juniors) (under 17)"]
[Site "masterchessopen.com Muenster (Germany)"]
[Round "0"]
[White "Poschke Markus (GER)"]
[Black "Becker Marcel (GER)"]
[Result "1-0"]
[WhiteElo "2158"]
[BlackElo "2080"]

1.d4 e6 2.c4 Nf6 3.Nc3 Bb4 4.e3 b6 5.Ne2 Bb7 6.a3 Be7 7.Nf4 O-O 8.Bd3 d5
9.cxd5 exd5 10.b4 Bd6 11.Nh5 Nbd7 12.Bb2 Re8 13.O-O a6 14.Rc1 Nxh5 15.Qxh5 Nf6
16.Qd1 Bc8 17.Qc2 Bb7 18.Ne2 Bxh2+ 19.Kxh2 Ng4+ 20.Kh3 Qg5 21.g3 Rxe3 22.Kg2
Rae8 23.Rcd1 Qe7 24.Ng1 Qd6 25.Bc1 R3e7 26.Bf4 Qf6 27.Nf3 h6 28.Ne5 Nxe5
29.Bxe5 Rxe5 30.dxe5 Qxe5 31.Rfe1 d4+ 32.f3 Qxe1 33.Rxe1 Rxe1 34.Qxc7 Bxf3+
35.Kxf3 Re3+ 36.Kf2 {#r} 1-0

[Event "It (open)"]
[Site "masterchessopen.com North Bay (Canada)"]
[Round "0"]
[White "Dougherty Michael (CAN)"]
[Black "Schleifer Michael (CAN)"]
[Result "1-0"]
[WhiteElo "2225"]
[BlackElo "2260"]

1.d4 Nf6 2.c4 e6 3.Nc3 Bb4 4.e3 b6 5.Ne2 Bb7 6.g3 Bxc3+ 7.Nxc3 d5 8.cxd5 Nxd5
9.Bb5+ c6 10.Bd3 O-O 11.O-O Nd7 12.Nxd5 cxd5 13.Bd2 a6 14.Rc1 Nf6 15.f3 Re8
16.Qe2 Nd7 17.f4 Nf6 18.f5 exf5 19.Bxf5 Ne4 20.Bxh7+ Kxh7 21.Qh5+ Kg8 22.Qxf7+
Kh8 23.Rf5 Nf6 24.Rc7 Qxc7 25.Qxc7 Bc8 26.Rg5 Bd7 27.Re5 Rec8 28.Qb7 Rcb8
29.Qc7 Rc8 30.Qd6 Rc2 31.Bc3 Re8 32.h3 Bb5 33.Rxe8+ Bxe8 34.e4 dxe4 35.d5 Bg6
36.Bxf6 gxf6 37.Qxf6+ Kh7 38.d6 {#r} 1-0

[Event "It (open)"]
[Site "masterchessopen.com Recklinghausen (Germany)"]
[Round "1"]
[White "Pielnik Rainer (GER)"]
[Black "Heiderich U"]
[Result "1-0"]
[WhiteElo "2150"]
[BlackElo "1690"]

1.d4 Nf6 2.c4 e6 3.Nc3 Bb4 4.e3 b6 5.Ne2 Bb7 6.a3 Be7 7.Nf4 d6 8.Be2 Nbd7
9.O-O O-O 10.Bf3 Bxf3 11.Qxf3 c5 12.Rd1 Qc8 13.b3 a6 14.Bb2 Qc7 15.Rac1 Rad8
16.Qg3 Qb8 17.a4 Rfe8 18.Nd3 Qa8 19.f3 g6 20.Nf2 Bf8 21.Nce4 d5 22.Nxf6+ Nxf6
23.dxc5 Nh5 24.Qh4 Be7 25.Qh3 dxc4 26.g4 Ng7 27.Ne4 Rxd1+ 28.Rxd1 Rd8 29.Rd6
Ne8 30.Qh6 Qb8 31.g5 {#r} 1-0

[Event "?"]
[Site "masterchessopen.com Rethymnon (Greece)"]
[Round "0"]
[White "Moskalenko Viktor (UKR)"]
[Black "Anagnostopoulos Dimitri (GRE)"]
[Result "1-0"]
[WhiteElo "2545"]
[BlackElo "2450"]

1.d4 Nf6 2.c4 e6 3.Nc3 Bb4 4.e3 b6 5.Ne2 Ne4 6.Bd2 Nxd2 7.Qxd2 Bb7 8.a3 Be7
9.Nf4 O-O 10.Bd3 d6 11.Qc2 g6 12.Be4 c6 13.h4 e5 14.dxe5 dxe5 15.Nxg6 hxg6
16.Bxg6 Bf6 17.Rd1 Qe7 18.Bf5 Rd8 19.Rxd8+ Qxd8 20.Qe2 Na6 21.Qg4+ Kf8 22.Ke2
Qe7 23.h5 e4 24.h6 Bh8 25.Nxe4 Nc5 26.h7 Qe5 27.Nxc5 Qxc5 28.Rd1 Bg7 29.Qh4
Qe5 30.Rd8+ Rxd8 31.Qxd8+ Qe8 32.Qd6+ Qe7 33.Qb8+ Qe8 34.Qd6+ Qe7 35.Qb8+ Qe8
36.Qxb7 Qe5 37.Qc8+ Ke7 38.b4 {#r} 1-0

[Event "Active"]
[Site "masterchessopen.com San Giorgio Legnano (Italy)"]
[Round "5"]
[White "Efimov Igor (MNC)"]
[Black "Karpov Anatoly (RUS)"]
[Result "0-1"]
[WhiteElo "2450"]
[BlackElo "2775"]

1.d4 Nf6 2.c4 e6 3.Nc3 Bb4 4.e3 b6 5.Ne2 Bb7 6.a3 Be7 7.Nf4 O-O 8.Be2 d5
9.cxd5 exd5 10.Bf3 c6 11.O-O Bd6 12.b4 Bxf4 13.exf4 Re8 14.Re1 Rxe1+ 15.Qxe1
a5 16.b5 cxb5 17.Nxb5 Nc6 18.Rb1 Bc8 19.Qc3 Bf5 20.Rb2 Rc8 21.Qe1 Bd3 22.Be3
Ne7 23.g4 Qd7 24.g5 Ne4 25.a4 g6 26.Qd1 Bxb5 27.axb5 Nf5 28.Bxe4 dxe4 29.d5
Nh4 30.Rc2 Rxc2 31.Qxc2 Qh3 {#R} 0-1

[Event "Ch Switzerland (team)"]
[Site "masterchessopen.com Switzerland"]
[Round "5"]
[White "Georges Sacha (SUI)"]
[Black "Leuba Didier (SUI)"]
[Result "1-0"]
[WhiteElo "2340"]
[BlackElo "2290"]

1.d4 Nf6 2.c4 e6 3.Nc3 Bb4 4.e3 b6 5.Ne2 Ne4 6.Qc2 Bb7 7.a3 Bxc3+ 8.Nxc3 Nxc3
9.Qxc3 O-O 10.Bd3 f5 11.O-O d6 12.b4 c5 13.dxc5 dxc5 14.Rd1 Nd7 15.Bf1 Qe7
16.Bb2 Rfd8 17.Rd2 Nf6 18.Rad1 Bc6 19.Qe5 Rxd2 20.Rxd2 Kf7 21.bxc5 bxc5 22.f3
Rc8 23.Bc3 Bb7 24.Be2 Rc7 25.Bd1 Rd7 26.Rxd7 Qxd7 27.Bc2 Qe7 28.e4 fxe4
29.fxe4 Ba6 30.Qf4 Kg8 31.Qh4 Nd5 32.Qxe7 Nxe7 33.Bb3 Nc6 34.Ba4 Nd4 {#r} 1-0

[Event "Ch Poland (team) (juniors) (under 18) (2nd liga)"]
[Site "masterchessopen.com Augustow (Poland)"]
[Round "0"]
[White "Jurkiewicz Miroslaw (POL)"]
[Black "Bobras Piotr (POL)"]
[Result "1-0"]
[WhiteElo "2148"]
[BlackElo "2355"]

1.d4 Nf6 2.c4 e6 3.Nc3 Bb4 4.e3 b6 5.Ne2 Ne4 6.Qc2 Bb7 7.a3 Bxc3+ 8.Nxc3 f5
9.Bd3 Nxc3 10.Qxc3 Qg5 11.Rg1 Qh5 12.h3 d6 13.Bd2 Nd7 14.Qc2 O-O 15.Bc3 Nf6
16.g4 fxg4 17.hxg4 Qh2 18.O-O-O Bf3 19.g5 Ng4 20.Rdf1 Bg2 21.Bxh7+ Kh8 22.Be4
Rxf2 23.Qxf2 Nxf2 24.Rxg2 Qh3 25.Bxa8 Qxe3+ 26.Bd2 Qxd4 27.Rgxf2 Qxc4+ 28.Bc3
{#r} 1-0

[Event "Tournament (team)"]
[Site "masterchessopen.com Barcelona (Spain)"]
[Round "0"]
[White "Jose Abril Ramon (ESP)"]
[Black "Joanpera Morales Antonio (ESP)"]
[Result "1-0"]
[WhiteElo "2375"]
[BlackElo "2340"]

1.d4 Nf6 2.c4 e6 3.Nc3 Bb4 4.e3 b6 5.Ne2 Bb7 6.a3 Be7 7.d5 exd5 8.cxd5 O-O
9.Ng3 Re8 10.Bc4 Ba6 11.Bxa6 Nxa6 12.O-O Bd6 13.b4 c5 14.b5 Nc7 15.f4 Bf8
16.e4 d6 17.Bb2 a6 18.a4 axb5 19.axb5 Rxa1 20.Bxa1 Qd7 21.h3 Ra8 22.Bb2 g6
23.e5 dxe5 24.Nge4 Nxe4 25.Nxe4 Bg7 26.d6 Nxb5 27.fxe5 Re8 28.Qb3 Nd4 29.Bxd4
cxd4 30.Ng5 Rf8 31.Rxf7 Rxf7 32.e6 Qxd6 33.exf7+ Kf8 34.Qa4 {#r} 1-0

[Event "It (open)"]
[Site "masterchessopen.com Budapest (Hungary)"]
[Round "5"]
[White "Voiska Margarita (BUL)"]
[Black "Sax Gyula (HUN)"]
[Result "0-1"]
[WhiteElo "2305"]
[BlackElo "2525"]

1.d4 Nf6 2.c4 e6 3.Nc3 Bb4 4.e3 b6 5.Ne2 c5 6.a3 Ba5 7.Bd2 O-O 8.d5 d6 9.Nf4
Bxc3 10.Bxc3 e5 11.Nd3 Ne4 12.Rc1 Ba6 13.Bd2 b5 14.cxb5 Bxb5 15.b4 Qh4 16.g3
Qf6 17.f3 Nxd2 18.Qxd2 cxb4 19.Be2 e4 20.fxe4 Bxd3 21.Bxd3 bxa3 22.Rf1 Qe7
23.Qa5 Nd7 24.Rc7 Qd8 25.Ke2 Ne5 26.Rfc1 Qg5 27.Qxa3 Qh5+ 28.Kd2 Qxh2+ 29.Kc3
Nf3 30.Rc2 Qxg3 {#R} 0-1

[Event "It (open)"]
[Site "masterchessopen.com Budapest (Hungary)"]
[Round "2"]
[White "Watanabe Akira (JPN)"]
[Black "Horvath Csaba (HUN)"]
[Result "0-1"]
[WhiteElo "2275"]
[BlackElo "2530"]

1.d4 Nf6 2.c4 e6 3.Nc3 Bb4 4.e3 b6 5.Ne2 c5 6.a3 Ba5 7.Rb1 Na6 8.Bd2 O-O 9.d5
d6 10.e4 exd5 11.cxd5 Bxc3 12.Nxc3 Nxe4 13.Nxe4 Re8 14.f3 Rxe4+ 15.fxe4 Qh4+
16.g3 Qxe4+ 17.Kf2 Qxh1 18.Qh5 Bb7 19.Bd3 g6 20.Qh6 Qxd5 21.Bc3 Qf3+ 22.Ke1
Re8+ 23.Kd2 Qf2+ 24.Kd1 f6 25.Bxg6 Bf3+ 26.Kc1 Qf1+ 27.Kc2 Qe2+ 28.Kb3 Bd5+
{#R} 0-1

[Event "Ch Denmark (team) 1995/96"]
[Site "masterchessopen.com Denmark"]
[Round "1"]
[White "Jelling Erik (DEN)"]
[Black "Danielsen Henrik (ISL)"]
[Result "1-0"]
[WhiteElo "2415"]
[BlackElo "2495"]

1.d4 Nf6 2.c4 e6 3.Nc3 Bb4 4.e3 b6 5.Ne2 c5 6.a3 Ba5 7.g3 Bb7 8.d5 O-O 9.Bg2
b5 10.O-O bxc4 11.e4 Bxc3 12.Nxc3 d6 13.Bg5 exd5 14.e5 dxe5 15.Nxd5 Bxd5
16.Bxf6 Qxf6 17.Qxd5 Na6 18.Qxc4 Rab8 19.Rad1 Rxb2 20.Rd7 Rb6 21.Rxa7 Qd6
22.Rc1 g6 23.a4 Qf6 24.Bf1 Nb4 25.a5 Rd6 26.Qxc5 Rc6 27.Qe3 Nc2 28.Qe4 Rfc8
29.Bb5 Qg5 30.f4 exf4 31.Bxc6 Qc5+ 32.Kh1 Qxa7 33.Rxc2 fxg3 34.hxg3 Qxa5
35.Rf2 Qb6 36.Rc2 h5 37.Kg2 Qb3 38.Rf2 Rf8 39.Qe5 {#r} 1-0

[Event "Bundesliga (2nd) North 1995/96"]
[Site "masterchessopen.com Germany"]
[Round "0"]
[White "Vogel Robert (GER)"]
[Black "David Alberto (LUX)"]
[Result "1-0"]
[WhiteElo "2305"]
[BlackElo "2435"]

1.d4 Nf6 2.c4 e6 3.Nc3 Bb4 4.e3 b6 5.Ne2 c5 6.a3 Ba5 7.Rb1 Qe7 8.Qa4 Nc6 9.g3
Bb7 10.Bg2 Bxc3+ 11.Nxc3 O-O 12.O-O Rfc8 13.d5 exd5 14.cxd5 Nd8 15.Qh4 Qf8
16.e4 d6 17.f4 Ne8 18.g4 b5 19.Rf3 b4 20.Rh3 h6 21.Nd1 f6 22.g5 hxg5 23.fxg5
Kf7 24.Ne3 Ke7 25.Nf5+ Kd7 26.Qh8 Qxh8 27.Rxh8 Nf7 28.Rh7 fxg5 29.Bh3 g4
30.Bxg4 Nf6 31.Rxg7 Ke8 32.Bf3 Ba6 33.Bf4 Kf8 34.Rg6 Nxd5 35.exd5 Bd3 36.Re1
Bxf5 37.Rf6 Bh7 38.Bh5 Bg8 39.Bh6# 1-0

[Event "Tournament \"]
[Site "masterchessopen.com Long Island (USA)"]
[Round "5"]
[White "Goregliad Sergei (USA)"]
[Black "Simpson Ronald (USA)"]
[Result "1-0"]
[WhiteElo "2275"]
[BlackElo "2350"]

1.d4 Nf6 2.c4 e6 3.Nc3 Bb4 4.e3 b6 5.Ne2 Bb7 6.a3 Be7 7.Ng3 d5 8.cxd5 Nxd5
9.Bd3 Nxc3 10.bxc3 Bxg2 11.Rg1 Bb7 12.e4 g6 13.Be3 Nd7 14.a4 O-O 15.e5 Bg5
16.f4 Bh6 17.Ra2 c5 18.h4 cxd4 19.cxd4 Qxh4 20.Rf2 Rfd8 21.Qe2 f5 22.Rh2 Qe7
23.Rxh6 Qb4+ 24.Kf2 Qxa4 25.Nh5 Nf8 26.Nf6+ Kf7 27.Nxh7 Rxd4 28.Ng5+ Ke7
29.Bxd4 Qxd4+ 30.Qe3 Qb2+ 31.Kg3 Rd8 32.Be2 Rc8 33.Bf3 Rc2 34.Qd3 Rd2 35.Qc4
Bxf3 36.Nxf3 Qa3 37.Rgh1 Kd8 38.Rh7 Qd3 39.Qc7+ Ke8 {#r} 1-0

[Event "It"]
[Site "masterchessopen.com Melbourne (Australia)"]
[Round "1"]
[White "Freeman Michael J (SCO)"]
[Black "Johansen Darryl K (AUS)"]
[Result "0-1"]
[WhiteElo "2210"]
[BlackElo "2500"]

1.d4 Nf6 2.c4 e6 3.Nc3 Bb4 4.e3 b6 5.Ne2 Ne4 6.Qc2 Bb7 7.f3 Bxc3+ 8.bxc3 Nd6
9.Ng3 Ba6 10.Qa4 Nb7 11.Ba3 c5 12.d5 O-O 13.Be2 Qh4 14.f4 exd5 15.cxd5 Bxe2
16.Kxe2 Nd6 17.Rae1 Re8 18.Kf3 f5 19.c4 h5 20.h3 g5 21.Bb2 g4+ 22.hxg4 fxg4+
23.Kf2 Ne4+ 24.Kg1 Qxg3 25.Re2 h4 {#R} 0-1

[Event "It (open)"]
[Site "masterchessopen.com Portoroz (Slovenia)"]
[Round "0"]
[White "Sitnik Igor (SLO)"]
[Black "Grosar Aljosa (SLO)"]
[Result "0-1"]
[WhiteElo "2225"]
[BlackElo "2485"]

1.d4 Nf6 2.c4 e6 3.Nc3 Bb4 4.e3 b6 5.Ne2 c5 6.a3 Ba5 7.Rb1 Na6 8.Bd2 O-O 9.d5
Bb7 10.e4 exd5 11.exd5 Ng4 12.Ng3 Qh4 13.Be2 Nxh2 14.Qc2 f5 15.Kd1 Rae8 16.Qd3
b5 17.b3 Bxc3 18.Bxc3 b4 19.axb4 Nxb4 20.Bxb4 cxb4 21.Bf3 d6 22.Nf1 Re1+
23.Kxe1 Nxf3+ 24.Qxf3 Qxh1 25.Kd2 f4 26.Re1 Qh4 27.Re2 Bc8 28.Ke1 Bg4 29.Qe4
Bxe2 30.Qxe2 Qf6 31.f3 Qa1+ 32.Kf2 Qd4+ 33.Ke1 h6 34.Nd2 Qg1+ 35.Qf1 Re8+
36.Ne4 Qd4 37.Qe2 Kf8 38.Kf1 a5 39.Qa2 Qb6 40.Qd2 {#R} 0-1

[Event "It (open) \"]
[Site "masterchessopen.com Spain"]
[Round "2"]
[White "Gual Pascual Antonio (ESP)"]
[Black "Torremarin Gonzalez Jose (ESP)"]
[Result "1-0"]
[WhiteElo "2430"]
[BlackElo "2080"]

1.d4 Nf6 2.c4 e6 3.Nc3 Bb4 4.e3 b6 5.Ne2 Bb7 6.a3 Be7 7.d5 d6 8.g3 e5 9.Bg2 a5
10.O-O Nbd7 11.Rb1 Ba6 12.b3 O-O 13.Qc2 h6 14.f4 Rb8 15.Nb5 Re8 16.Na7 Bb7
17.b4 axb4 18.axb4 Ra8 19.Nc6 Bxc6 20.dxc6 Nf8 21.fxe5 dxe5 22.Nc3 Qb8 23.Nd5
Ne6 24.Bb2 Ra2 25.Qf5 b5 26.Bxe5 bxc4 27.Bxf6 Bxf6 28.Nxf6+ gxf6 29.Qxf6 Nd8
{#r} 1-0

[Event "It (open) (a)"]
[Site "masterchessopen.com Val Thorens (France)"]
[Round "7"]
[White "Vareille Francois (FRA)"]
[Black "Miellet-Bensan Yves (FRA)"]
[Result "1-0"]
[WhiteElo "2400"]
[BlackElo "2194"]

1.d4 Nf6 2.c4 e6 3.Nc3 Bb4 4.e3 b6 5.Ne2 Bb7 6.a3 Bxc3+ 7.Nxc3 O-O 8.d5 Qe7
9.Be2 exd5 10.cxd5 Qe5 11.f4 Qd6 12.e4 Nxe4 13.Nxe4 Qxd5 14.Qxd5 Bxd5 15.Ng3
Bxg2 16.Rg1 Bb7 17.Nh5 g6 18.b4 f5 19.Bb2 Kf7 20.Nf6 d5 21.Nxh7 Re8 22.Ng5+
Kg8 23.Nf3 Kh7 24.Ne5 Re6 25.Rc1 c6 26.Rc3 {#r} 1-0

[Event "It (open)"]
[Site "masterchessopen.com Weilburg (Germany)"]
[Round "8"]
[White "Sabel Reinhard (GER)"]
[Black "Starke Ronald (GER)"]
[Result "0-1"]
[WhiteElo "2020"]
[BlackElo "2120"]

1.d4 Nf6 2.c4 e6 3.Nc3 Bb4 4.e3 b6 5.Ne2 Ne4 6.f3 Nxc3 7.Nxc3 Bxc3+ 8.bxc3 O-O
9.Bd3 Bb7 10.O-O d6 11.e4 Nd7 12.Qe1 e5 13.Qg3 Qe7 14.Bh6 f6 15.f4 Kh8 {#R}
0-1

[Event "Olympiad"]
[Site "masterchessopen.com Yerevan (Armenia)"]
[Round "4"]
[White "Beliavsky Alexander G (SLO)"]
[Black "Romanishin Oleg M (UKR)"]
[Result "1-0"]
[WhiteElo "2620"]
[BlackElo "2555"]

1.d4 Nf6 2.c4 e6 3.Nc3 Bb4 4.e3 b6 5.Ne2 c5 6.a3 Ba5 7.Bd2 O-O 8.Ng3 cxd4
9.exd4 Bxc3 10.Bxc3 d5 11.c5 Ne4 12.Nxe4 dxe4 13.b4 Nc6 14.Qc2 f5 15.Bc4 Ne7
16.O-O Nd5 17.Rae1 Qc7 18.f3 Bb7 19.Bd2 Nf6 20.Bxe6+ Kh8 21.fxe4 Bxe4 22.Qb3
bxc5 23.dxc5 Rad8 24.Bf4 Qc6 25.Bd6 Bxg2 26.b5 Qa8 27.Rxf5 Rxd6 28.cxd6 Bb7
29.Qc3 Qe8 30.Rg5 h6 31.Rg3 Nh5 32.Bd5 Qxb5 33.Rf3 Nf6 34.Bxb7 Qxb7 35.Rd3 Ne4
36.Qb4 {#r} 1-0

[Event "Memorial V.Syre (open)"]
[Site "masterchessopen.com Issy Les Moulineaux (France)"]
[Round "4"]
[White "Le Bideau Alain (FRA)"]
[Black "Sahuguet N"]
[Result "1-0"]
[WhiteElo "2226"]
[BlackElo "1850"]

1.d4 Nf6 2.c4 e6 3.Nc3 Bb4 4.e3 b6 5.Ne2 Ne4 6.Qc2 Bb7 7.a3 Bxc3+ 8.Nxc3 f5
9.b3 O-O 10.Bb2 d6 11.Bd3 Qh4 12.d5 Nxc3 13.Qxc3 e5 14.g3 Qg4 15.Be2 Qh3
16.O-O-O Nd7 17.f4 Rae8 18.Bd3 Re7 19.Rdf1 e4 20.Be2 Nf6 21.Rfg1 b5 22.Bf1 Qh5
23.h3 bxc4 24.bxc4 c6 25.g4 Qh4 26.dxc6 Bxc6 27.gxf5 Rb7 28.Rh2 Ba4 29.Rhg2
Qh5 30.Be2 Qxf5 31.Bg4 Qc5 32.Be6+ Kh8 33.Rg5 Qb6 34.Bd5 Rc7 35.Rf5 Bd7
36.Rxf6 Rxf6 37.Rxg7 {#r} 1-0

[Event "It (b)"]
[Site "masterchessopen.com Budapest (Hungary)"]
[Round "2"]
[White "Allen Andrew (AUS)"]
[Black "Pachow Joerg (GER)"]
[Result "1-0"]
[WhiteElo "2215"]
[BlackElo "2340"]

1.d4 Nf6 2.c4 e6 3.Nc3 Bb4 4.e3 b6 5.Ne2 Bb7 6.a3 Bxc3+ 7.Nxc3 O-O 8.b4 d6
9.Bb2 Nbd7 10.d5 a5 11.Rc1 Ne8 12.Be2 Qh4 13.O-O axb4 14.axb4 c5 15.dxc6 Bxc6
16.Qd4 Qg5 17.Ne4 Qg6 18.Ng3 e5 19.Qd1 Ndf6 20.Bd3 e4 21.Bb1 h5 22.Qd4 Rb8
23.f4 Qg4 24.Nxe4 h4 25.h3 Qh5 26.Ng5 Ba8 27.Qd3 {#r} 1-0

[Event "It (open)"]
[Site "masterchessopen.com Calcutta (India)"]
[Round "7"]
[White "Sasikiran Krishnan (IND)"]
[Black "Kunte Abhijit (IND)"]
[Result "1-0"]
[WhiteElo "2430"]
[BlackElo "2430"]

1.d4 Nf6 2.c4 e6 3.Nc3 Bb4 4.e3 b6 5.Ne2 c5 6.a3 Ba5 7.Rb1 Nc6 8.d5 Bxc3+
9.Nxc3 Ne5 10.Be2 d6 11.O-O exd5 12.cxd5 O-O 13.e4 Re8 14.f3 Ng6 15.Be3 Nh5
16.Qd2 f5 17.Bg5 Nf6 18.Bd3 fxe4 19.Nxe4 Nxe4 20.Bxe4 Qc7 21.Rfe1 Bd7 22.Qc2
Nf8 23.Qf2 Bb5 24.Qg3 Kh8 25.h4 h6 26.Bf4 Rad8 27.Kh2 Re7 28.Re3 Be8 29.Rbe1
Bf7 30.h5 Nh7 31.Qh4 Rde8 32.g4 Ng5 33.Bxg5 hxg5 34.Qxg5 Re5 35.Bf5 Bxd5
36.Qg6 Kg8 37.Qxe8+ Rxe8 38.Rxe8+ Kf7 39.Bg6+ Kf6 40.f4 {#r} 1-0

[Event "It (open) (b)"]
[Site "masterchessopen.com Cannes (France)"]
[Round "3"]
[White "Akobian Varuzhan (USA)"]
[Black "Fucak Emilijo (CRO)"]
[Result "1-0"]
[WhiteElo "2385"]
[BlackElo "2265"]

1.d4 Nf6 2.c4 e6 3.Nc3 Bb4 4.e3 b6 5.Ne2 Ne4 6.Qc2 Bb7 7.a3 Bxc3+ 8.Nxc3 Nxc3
9.Qxc3 O-O 10.b4 Qe7 11.Bd3 a5 12.O-O d6 13.e4 Nd7 14.Be3 f5 15.exf5 exf5
16.Rfe1 Qf6 17.f3 c5 18.Rac1 axb4 19.axb4 Rfe8 20.Bf2 g6 21.Bb1 Kf7 22.Qd2
Rxe1+ 23.Rxe1 Re8 24.Rd1 Re7 25.Qh6 Qg7 26.Qf4 cxd4 27.Bxd4 Qf8 28.Ba2 Re2
29.Bb3 Qe7 30.Qg3 Ke8 31.h3 Ne5 32.Bxb6 Bxf3 33.gxf3 Qb7 34.Bf2 Nxf3+ 35.Kf1
Re4 36.Qxd6 {#r} 1-0

[Event "It (open)"]
[Site "masterchessopen.com Copenhagen (Denmark)"]
[Round "8"]
[White "Bekker-Jensen David (DEN)"]
[Black "Markos Jan (SVK)"]
[Result "1-0"]
[WhiteElo "2180"]
[BlackElo "2596"]

1.d4 Nf6 2.c4 e6 3.Nc3 Bb4 4.e3 b6 5.Ne2 Bb7 6.a3 Be7 7.d5 e5 8.Ng3 O-O 9.Bd3
d6 10.O-O Nbd7 11.Bd2 c6 12.e4 g6 13.Rc1 Ne8 14.Qg4 Ng7 15.Bh6 Bc8 16.Nf5 Bf6
17.Ne3 Nc5 18.Qd1 Bg5 19.Bxg5 Qxg5 20.dxc6 f5 21.exf5 gxf5 22.Re1 f4 23.Ned5
f3 24.g3 Nf5 25.Bf1 Nd4 26.b4 Nce6 27.Ne4 Qh6 28.b5 Kh8 29.Qd2 Qh5 30.Rc3 h6
31.h4 Nc5 32.Nxd6 Be6 33.Rce3 Bxd5 34.cxd5 Rf6 35.Rxe5 Qg4 36.Ne4 Ncb3 37.Nxf6
Qg6 38.Qb2 {#r} 1-0

[Event "Ch France (team) (juniors) (under 18)"]
[Site "masterchessopen.com France"]
[Round "8"]
[White "Holcman Jeremy (FRA)"]
[Black "Chhor Amandine (FRA)"]
[Result "1-0"]
[WhiteElo "2090"]
[BlackElo "1640"]

1.d4 Nf6 2.c4 e6 3.Nc3 Bb4 4.e3 b6 5.Ne2 Bb7 6.a3 Bxc3+ 7.Nxc3 d6 8.f3 Nh5
9.g3 f5 10.Bd3 Qf6 11.Qe2 Nd7 12.Nb5 Kd8 13.Bd2 a6 14.Nc3 g5 15.Rf1 Rf8
16.O-O-O h6 17.g4 Ng7 18.f4 Rc8 19.e4 Qg6 20.e5 Nb8 21.d5 Kd7 22.dxe6+ Qxe6
23.fxg5 hxg5 24.gxf5 Nxf5 25.Qg4 {#r} 1-0

[Event "It (open)"]
[Site "masterchessopen.com Kastel Stari (Croatia)"]
[Round "8"]
[White "Zaja Ivan (CRO)"]
[Black "Romanishin Oleg M (UKR)"]
[Result "0-1"]
[WhiteElo "2440"]
[BlackElo "2550"]

1.d4 Nf6 2.c4 e6 3.Nc3 Bb4 4.e3 b6 5.Ne2 c5 6.a3 Ba5 7.Qa4 Nc6 8.Bd2 a6 9.d5
b5 10.Qc2 Ne5 11.cxb5 axb5 12.Ng3 b4 13.Nce4 O-O 14.Nxf6+ Qxf6 15.f4 Ng4
16.axb4 Nxe3 17.Qb3 Nxf1 18.Rxf1 cxb4 19.f5 exd5 20.Kd1 Ba6 21.Rxa5 Bxf1
22.Rxa8 Rxa8 23.Nxf1 Ra1+ 24.Ke2 Qa6+ {#R} 0-1

[Event "It (open)"]
[Site "masterchessopen.com Ljubljana (Slovenia)"]
[Round "2"]
[White "Sitnik Igor (SLO)"]
[Black "Tukmakov Vladimir B (UKR)"]
[Result "0-1"]
[WhiteElo "2250"]
[BlackElo "2575"]

1.d4 Nf6 2.c4 e6 3.Nc3 Bb4 4.e3 b6 5.Ne2 c5 6.a3 Ba5 7.Rb1 Na6 8.Bd2 O-O 9.d5
exd5 10.Nxd5 Nxd5 11.cxd5 Bxd2+ 12.Qxd2 d6 13.Nc3 Nc7 14.Bd3 f5 15.O-O Ne8
16.e4 fxe4 17.Bxe4 Nf6 18.Bd3 Bd7 19.Rbe1 Rf7 20.Qf4 Qf8 21.Qh4 Re8 22.Qg3
Rfe7 23.Rxe7 Qxe7 24.Nb5 Bxb5 25.Bxb5 Rf8 26.Qh3 Rd8 27.Qc3 Qe5 28.Re1 Qxc3
29.bxc3 Kf7 30.f3 Ng8 31.Kf2 Ne7 32.Kg3 a6 33.Bxa6 Ra8 34.Bb7 Rxa3 35.Rb1 Rxc3
36.Rxb6 c4 37.Kf4 Rb3 38.Rxb3 cxb3 39.Ba6 b2 {#R} 0-1

[Event "Ch Germany (juniors) (under 20) (team)"]
[Site "masterchessopen.com Magdeburg (Germany)"]
[Round "5"]
[White "Schubert Ralf (GER)"]
[Black "Keller Thomas (GER)"]
[Result "0-1"]
[WhiteElo "2145"]
[BlackElo "2312"]

1.d4 Nf6 2.c4 e6 3.Nc3 Bb4 4.e3 b6 5.Ne2 Bb7 6.a3 Be7 7.Ng3 O-O 8.f3 d5 9.cxd5
Nxd5 10.Bd3 c5 11.Nxd5 exd5 12.O-O Nc6 13.dxc5 bxc5 14.e4 c4 15.Be2 Qb6+
16.Kh1 dxe4 17.Nxe4 Rad8 18.Qa4 Ne5 19.Nd2 Nd3 20.Bxd3 cxd3 21.Qg4 Qg6 22.Qa4
Bc5 23.Nb3 Bb6 24.Bd2 Rfe8 25.Nc1 Re5 26.Qd1 Rh5 27.Bf4 h6 28.Qd2 Rh4 29.a4
Qf6 30.Bg3 Rc4 31.Nxd3 Rcd4 32.Be5 Qxe5 {#R} 0-1

[Event "Cup G.Kasparov"]
[Site "masterchessopen.com Moscow (Russia)"]
[Round "0"]
[White "Yashtylov Anatolij (RUS)"]
[Black "Gaprindashvili Valeriane (GEO)"]
[Result "1-0"]
[WhiteElo "2388"]
[BlackElo "2255"]

1.d4 Nf6 2.c4 e6 3.Nc3 Bb4 4.e3 b6 5.Ne2 Ne4 6.Qc2 Bb7 7.Ng3 Bxc3+ 8.bxc3 f5
9.Ba3 d6 10.f3 Nxg3 11.hxg3 Qg5 12.Qf2 Nd7 13.Bd3 O-O-O 14.O-O-O h5 15.Rh4 Qf6
16.Rdh1 Qf7 17.Qe2 Nf6 18.Re1 g6 19.c5 g5 20.Rhh1 dxc5 21.dxc5 Qe7 22.Ba6 c6
23.Kb2 b5 24.Bxb5 cxb5 25.c6 Qc7 26.cxb7+ Qxb7 27.Ka1 Nd5 28.Rb1 a6 29.Rhc1
Qa7 30.c4 Nc7 31.cxb5 axb5 32.Qxb5 Rd5 33.Qc6 Rhd8 34.Qxe6+ R5d7 35.Bd6 {#r}
1-0

[Event "Tournament"]
[Site "masterchessopen.com Pasanauri (Georgia)"]
[Round "0"]
[White "Edzgveradze Natalia (GEO)"]
[Black "Gaprindashvili Valeriane (GEO)"]
[Result "1-0"]
[WhiteElo "2340"]
[BlackElo "2255"]

1.d4 Nf6 2.c4 e6 3.Nc3 Bb4 4.e3 b6 5.Ne2 Bb7 6.a3 Be7 7.Nf4 d6 8.d5 e5 9.Nd3
Nbd7 10.b4 O-O 11.Be2 c6 12.dxc6 Bxc6 13.O-O d5 14.cxd5 Nxd5 15.Nxd5 Bxd5
16.Nf4 Bb7 17.Nd5 Nf6 18.Nxf6+ Bxf6 19.Bb2 Qe7 20.Qa4 Rfd8 21.Rad1 Bd5 22.Rd2
Qe6 23.Rfd1 h6 24.Qa6 Be7 25.h3 g6 26.Kh2 Bf6 27.Rxd5 Rxd5 28.Bc4 Rxd1 29.Bxe6
fxe6 30.Qc4 Rd6 31.Qe4 Rf8 32.Qxg6+ Kh8 33.Qxh6+ Kg8 34.Qg6+ Kh8 35.Qh5+ Kg8
36.Bxe5 Bxe5+ 37.Qxe5 Rfd8 38.h4 {#r} 1-0

[Event "Ch Poland (1/2 final)"]
[Site "masterchessopen.com Poraj (Poland)"]
[Round "10"]
[White "Oliwa Patryk (POL)"]
[Black "Helis Tadeusz (POL)"]
[Result "1-0"]
[WhiteElo "2224"]
[BlackElo "2225"]

1.d4 Nf6 2.c4 e6 3.Nc3 Bb4 4.e3 b6 5.Ne2 Bb7 6.a3 Bxc3+ 7.Nxc3 O-O 8.d5 d6
9.Be2 Nbd7 10.O-O e5 11.e4 h6 12.b4 a5 13.Be3 axb4 14.axb4 Rxa1 15.Qxa1 Nh7
16.Qa7 Bc8 17.Nb5 Qh4 18.Qxc7 Ndf6 19.Nxd6 Bg4 20.f3 Bd7 21.Qxb6 Nh5 22.c5 Ng5
23.c6 Bh3 24.Bf2 Qf4 25.gxh3 Nxh3+ 26.Kh1 Qd2 27.Qe3 Qxb4 28.Nf5 N5f4 29.Bg3
Kh7 30.c7 g6 31.Bxf4 Nxf4 32.d6 {#r} 1-0

[Event "It (open) (juniors)"]
[Site "masterchessopen.com San Agustin (Spain)"]
[Round "0"]
[White "Gaprindashvili Valeriane (GEO)"]
[Black "Acs Peter (HUN)"]
[Result "0-1"]
[WhiteElo "2255"]
[BlackElo "2460"]

1.d4 Nf6 2.c4 e6 3.Nc3 Bb4 4.e3 b6 5.Ne2 Bb7 6.a3 Be7 7.Qc2 c5 8.Nf4 cxd4
9.exd4 Nc6 10.Be3 d5 11.cxd5 exd5 12.Bd3 O-O 13.O-O h6 14.b4 Bd6 15.Nce2 Rc8
16.Qa2 Ne7 17.f3 Bb8 18.g3 Qd7 19.Ng2 Nf5 20.Rac1 Nxe3 21.Nxe3 Rce8 22.Ng2 Bc6
23.Nc3 Qd6 24.Rfe1 Nh7 25.f4 Nf6 26.Ne3 Qd7 27.Bf5 Qd8 28.Bh3 Re7 29.Nf5 Rxe1+
30.Rxe1 Re8 31.Ne3 Re7 32.Bg2 Qe8 33.Qd2 Bd6 34.Re2 a5 35.bxa5 bxa5 36.Nf5
Rxe2 37.Nxe2 Bf8 38.Bf3 g6 39.Nh4 Bb5 40.Kf2 {#R} 0-1